[Event "SVK-chT2C 2425"]
[Site "Slovakia"]
[Date "2024.12.01"]
[Round "4.6"]
[White "Medvec, Miroslav1"]
[Black "Jakab, Robert"]
[Result "1-0"]
[WhiteElo "1977"]
[BlackElo "1974"]
[PlyCount "84"]
[EventDate "2024.11.09"]
[EventType "team-tourn"]
[EventRounds "11"]
[EventCountry "SVK"]
[SourceTitle "CB51_2024"]
[SourceDate "2024.12.18"]
[SourceVersion "1"]
[SourceVersionDate "2024.12.18"]
[SourceQuality "1"]
[WhiteTeam "Liptov Chess School III"]
[BlackTeam "Cebovce II"]
[WhiteTeamCountry "SVK"]
[BlackTeamCountry "SVK"]

1. e4 c5 2. Nf3 d6 3. d4 cxd4 4. Nxd4 Nf6 5. Nc3 a6 6. h3 b5 7. g4 Bb7 8. Bg2 e6 9. g5 Nfd7 10. Be3 Nc6 11. Qg4 Nce5 12. Qg3 Nc4 13. Bc1 Qb6 14. Nce2 g6 15. b3 Bg7 16. c3 Na5 17. 0-0 Rc8 18. Be3 Qc7 19. Rad1 0-0 20. h4 Rfd8 21. h5 Nf8 22. h6 Bh8 23. Rd3 d5 24. Qxc7 Rxc7 25. Nxb5 axb5 26. Bb6 Rcd7 27. Bxa5 Ra8 28. b4 dxe4 29. Rxd7 Nxd7 30. Rd1 Ne5 31. Nd4 Nf3+ 32. Bxf3 exf3 33. Nxb5 Be5 34. a4 Bd5 35. Bc7 f6 36. Bxe5 fxe5 37. a5 Rc8 38. Ra1 Rc4 39. a6 Rg4+ 40. Kh2 Rg2+ 41. Kh3 e4 42. a7 e5 1-0

[Event "SVK-chT2C 2324"]
[Site "Slovakia"]
[Date "2024.02.11"]
[Round "9.6"]
[White "Mikova, Miriam"]
[Black "Jakab, Robert"]
[Result "0-1"]
[WhiteElo "1894"]
[BlackElo "1916"]
[PlyCount "74"]
[EventDate "2023.10.07"]
[EventType "team-tourn"]
[EventRounds "11"]
[EventCountry "SVK"]
[SourceTitle "EXT 2025"]
[Source "ChessBase"]
[SourceDate "2024.10.14"]
[SourceVersion "1"]
[SourceVersionDate "2024.10.14"]
[SourceQuality "1"]
[WhiteTeam "Cadca Caissa II"]
[BlackTeam "Cebovce II"]
[WhiteTeamCountry "SVK"]
[BlackTeamCountry "SVK"]

1. d4 Nf6 2. Nf3 g6 3. g3 d5 4. Bg2 c5 5. e3 Nc6 6. 0-0 Bg7 7. b3 Bg4 8. Bb2 cxd4 9. exd4 Rc8 10. Na3 h5 11. h3 Bf5 12. Ne5 Ne4 13. Nxc6 Rxc6 14. c4 Nf6 15. cxd5 Nxd5 16. Nc4 Rc7 17. Ne3 Be6 18. Rc1 Rxc1 19. Qxc1 0-0 20. Re1 Bh6 21. Qd1 Re8 22. Kh2 Nxe3 23. fxe3 Qc7 24. d5 Bd7 25. Qd4 f6 26. Qxa7 h4 27. Kh1 Qxg3 28. Bc3 Rc8 29. Qd4 Bxh3 30. Bxh3 Qxh3+ 31. Kg1 Qg3+ 32. Kh1 Kf7 33. d6 Qxd6 34. Qxh4 Kg7 35. Rc1 Rh8 36. Bb4 Qe5 37. Bc3 Qf5 0-1

[Event "SVK-chT1E 1718"]
[Site "Slovakia"]
[Date "2017.12.03"]
[Round "6.8"]
[White "Jakab, Robert"]
[Black "Svrcek, Martin"]
[Result "0-1"]
[WhiteElo "1877"]
[BlackElo "2107"]
[PlyCount "58"]
[EventDate "2017.10.21"]
[EventType "team-tourn"]
[EventRounds "11"]
[EventCountry "SVK"]
[SourceTitle "EXT 2019"]
[Source "ChessBase"]
[SourceDate "2018.10.10"]
[SourceVersion "1"]
[SourceVersionDate "2018.10.10"]
[SourceQuality "1"]
[WhiteTeam "Cebovce"]
[BlackTeam "Kysucke Nove Mesto"]
[WhiteTeamCountry "SVK"]
[BlackTeamCountry "SVK"]

1. e4 e6 2. d4 d5 3. exd5 exd5 4. Bd3 Be7 5. Nf3 Bg4 6. Bf4 Nf6 7. Nbd2 0-0 8. 0-0 Nbd7 9. Re1 Re8 10. c3 c5 11. Qc2 Bh5 12. Rac1 Bg6 13. Bxg6 hxg6 14. Re2 Nh5 15. Be3 c4 16. Ne5 Bd6 17. Nxd7 Qxd7 18. Rce1 a5 19. Nf3 Nf6 20. Bc1 Ne4 21. Ng5 Nxg5 22. Bxg5 b5 23. a3 b4 24. axb4 axb4 25. Rxe8+ Rxe8 26. Rxe8+ Qxe8 27. g3 Qe1+ 28. Kg2 Be7 29. Bxe7 b3 0-1

[Event "SVK-chT2C 1617"]
[Site "Slovakia"]
[Date "2017.02.11"]
[Round "8.7"]
[White "Vranova, Zdenka"]
[Black "Jakab, Robert"]
[Result "1/2-1/2"]
[WhiteElo "1985"]
[BlackElo "1844"]
[PlyCount "59"]
[EventDate "2016.10.08"]
[EventType "team-tourn"]
[EventRounds "11"]
[EventCountry "SVK"]
[SourceTitle "EXT 2018"]
[Source "ChessBase"]
[SourceDate "2017.10.13"]
[SourceVersion "1"]
[SourceVersionDate "2017.10.13"]
[SourceQuality "1"]
[WhiteTeam "Rajecke Teplice"]
[BlackTeam "Cebovce"]
[WhiteTeamCountry "SVK"]
[BlackTeamCountry "SVK"]

1. e4 c5 2. Nf3 d6 3. Bc4 Nf6 4. d3 e6 5. 0-0 Nc6 6. a3 Be7 7. Nc3 0-0 8. Re1 a6 9. Bg5 b5 10. Ba2 Qc7 11. Qd2 Bb7 12. Rad1 Rad8 13. h3 Rfe8 14. Bf4 Bf8 15. Ne2 Ne5 16. Bxe5 dxe5 17. Qc3 Bd6 18. Ng3 Rc8 19. Ra1 Nd7 20. Qd2 Qd8 21. Rac1 Qe7 22. c4 Red8 23. Qc2 Nb8 24. a4 b4 25. Qd2 Nc6 26. Bb3 Bc7 27. Re3 Rd7 28. Bd1 Rcd8 29. Ne1 Nd4 30. Ne2 1/2-1/2

[Event "SVK-chT2C 1617"]
[Site "Slovakia"]
[Date "2016.10.08"]
[Round "1.7"]
[White "Vartiak, Stanislav"]
[Black "Jakab, Robert"]
[Result "0-1"]
[WhiteElo "1785"]
[BlackElo "1844"]
[PlyCount "78"]
[EventDate "2016.10.08"]
[EventType "team-tourn"]
[EventRounds "11"]
[EventCountry "SVK"]
[SourceTitle "CBM 175 Extra"]
[Source "ChessBase"]
[SourceDate "2016.12.12"]
[SourceVersion "1"]
[SourceVersionDate "2016.12.12"]
[SourceQuality "1"]
[WhiteTeam "Martin Medea"]
[BlackTeam "Cebovce"]
[WhiteTeamCountry "SVK"]
[BlackTeamCountry "SVK"]

1. d4 d5 2. c4 dxc4 3. e3 e6 4. Bxc4 Nf6 5. Nc3 a6 6. Qc2 b5 7. Bd3 Bb7 8. Nf3 Nbd7 9. e4 c5 10. Bg5 Qc7 11. Rc1 cxd4 12. Nxd4 Qb6 13. Nb3 Rc8 14. Qe2 b4 15. Be3 Qd8 16. Na4 Rxc1+ 17. Bxc1 Bc6 18. Bg5 h6 19. Bxf6 gxf6 20. Nac5 Nxc5 21. Nxc5 Bxc5 22. 0-0 Qb6 23. Rc1 Bb5 24. Qc2 Bxd3 25. Qxc5 Qxc5 26. Rxc5 0-0 27. f3 f5 28. e5 Rd8 29. f4 Be4 30. Rc4 Rd1+ 31. Kf2 Rd2+ 32. Kg3 Rxg2+ 33. Kh3 Rxb2 34. Rc8+ Kg7 35. Rc7 Rxa2 36. Kh4 Rxh2+ 37. Kg3 Rg2+ 38. Kh3 b3 39. Rc3 b2 0-1

[Event "EU Amateur-ch"]
[Site "Ruzomberok"]
[Date "2016.06.10"]
[Round "7"]
[White "Hoferek, Svatopluk"]
[Black "Jakab, Robert"]
[Result "1-0"]
[WhiteElo "1754"]
[BlackElo "1869"]
[PlyCount "161"]
[EventDate "2016.06.06"]
[EventType "swiss"]
[EventRounds "9"]
[EventCountry "SVK"]
[SourceTitle "CBM 172 Extra"]
[Source "ChessBase"]
[SourceDate "2016.06.21"]
[SourceVersion "1"]
[SourceVersionDate "2016.06.21"]
[SourceQuality "1"]

1. e4 c5 2. Nf3 d6 3. d4 cxd4 4. Nxd4 Nf6 5. Nc3 a6 6. Bd3 e6 7. 0-0 b5 8. a3 Bb7 9. Kh1 Be7 10. f3 Nbd7 11. Re1 0-0 12. Nb3 Rc8 13. Bf1 Qc7 14. Be3 Rfd8 15. Bf4 Ne5 16. Bxe5 dxe5 17. Bd3 Nd7 18. Qe2 Nc5 19. Nxc5 Bxc5 20. Nd1 Qd6 21. Nc3 Bd4 22. Nd1 Rc6 23. Rc1 Qc7 24. c3 Qd6 25. Bc2 Bb6 26. Nf2 Qe7 27. Rcd1 Rcd6 28. Rxd6 Rxd6 29. Nd3 f6 30. Rd1 Qd7 31. h3 a5 32. Ne1 Rxd1 33. Qxd1 Qxd1 34. Bxd1 Be3 35. Nd3 Kf7 36. g4 Ke7 37. Kg2 Kd6 38. Kf1 g6 39. Ke2 Bg5 40. Bc2 f5 41. exf5 exf5 42. Bb3 e4 43. fxe4 fxe4 44. Nf2 Bd5 45. Ba2 Bc1 46. Bxd5 Kxd5 47. Nd1 Kc4 48. b4 a4 49. Nf2 Bxa3 50. Nxe4 Bb2 51. Kd2 Kb3 52. Nc5+ Kc4 53. Ne4 h5 54. Kc2 a3 55. Nd6+ Kd5 56. Nxb5 Kc4 57. Nd6+ Kd5 58. Nb7 Kc4 59. Na5+ Kb5 60. gxh5 gxh5 61. Kb3 h4 62. c4+ Ka6 63. Nc6 Kb6 64. Ne7 Kc7 65. Nf5 Bf6 66. Kxa3 Kc6 67. Ka4 Kb6 68. c5+ Kc6 69. Ka5 Bd8+ 70. Ka6 Bf6 71. Ne3 Bd4 72. Nf5 Bf6 73. Ka5 Bd8+ 74. Ka4 Bf6 75. Kb3 Kb5 76. Nd6+ Kc6 77. Kc4 Be7 78. b5+ Kc7 79. Kd5 Kd7 80. b6 Kd8 81. c6 1-0

[Event "SVK-chT2C 1516"]
[Site "Slovakia"]
[Date "2016.02.13"]
[Round "8.8"]
[White "Jakab, Robert"]
[Black "Svrcek, Martin"]
[Result "1/2-1/2"]
[WhiteElo "1860"]
[BlackElo "2008"]
[PlyCount "84"]
[EventDate "2015.10.17"]
[EventType "team-tourn"]
[EventRounds "11"]
[EventCountry "SVK"]
[SourceTitle "EXT 2017"]
[Source "ChessBase"]
[SourceDate "2016.10.25"]
[SourceVersion "1"]
[SourceVersionDate "2016.10.25"]
[SourceQuality "1"]
[WhiteTeam "Cebovce"]
[BlackTeam "Kysucke Nove Mesto"]
[WhiteTeamCountry "SVK"]
[BlackTeamCountry "SVK"]

1. e4 e6 2. d4 d5 3. exd5 exd5 4. Bd3 Be7 5. Nf3 Bg4 6. Bf4 Nf6 7. Nbd2 0-0 8. 0-0 Nbd7 9. c3 Re8 10. Re1 c5 11. Qc2 Bh5 12. Bf5 Qb6 13. Ne5 Nf8 14. Ndf3 cxd4 15. Nxd4 Ng6 16. Bxg6 Bxg6 17. Nxg6 hxg6 18. Qb3 Bc5 19. Qxb6 Bxb6 20. f3 Nd7 21. Kf1 Nc5 22. Rxe8+ Rxe8 23. Rd1 a6 24. h3 Rd8 25. Be3 Na4 26. Rd2 Re8 27. Bf2 Bc7 28. Ne2 Rd8 29. Bd4 Nb6 30. b3 Nc8 31. a4 f6 32. Kf2 Kf7 33. Bc5 Ne7 34. g3 Nf5 35. f4 b6 36. Ba3 b5 37. Bc5 bxa4 38. bxa4 Nd6 39. Bxd6 Rxd6 40. Nd4 Bb6 41. Ke2 Bxd4 42. Rxd4 Rc6 1/2-1/2

[Event "Senica op 6th"]
[Site "Senica"]
[Date "2015.08.30"]
[Round "6"]
[White "Jakab, Robert"]
[Black "Krupa, Miroslav"]
[Result "1-0"]
[WhiteElo "1882"]
[BlackElo "1704"]
[PlyCount "51"]
[EventDate "2015.08.27"]
[EventType "swiss"]
[EventRounds "7"]
[EventCountry "SVK"]
[SourceTitle "EXT 2016"]
[Source "ChessBase"]
[SourceDate "2015.10.08"]
[SourceVersion "1"]
[SourceVersionDate "2015.10.08"]
[SourceQuality "1"]

1. e4 e5 2. Nf3 Nc6 3. d4 exd4 4. Nxd4 Nf6 5. Nxc6 bxc6 6. Bd3 d5 7. exd5 cxd5 8. Nc3 Bb4 9. Bd2 0-0 10. 0-0 Bb7 11. Re1 Bxc3 12. Bxc3 Qd6 13. Be5 Qc6 14. Qf3 Nd7 15. Bd4 Qd6 16. Qg3 Qxg3 17. hxg3 c5 18. Re7 Bc6 19. Bf5 Rfe8 20. Rae1 Rxe7 21. Rxe7 Kf8 22. Rxd7 Bxd7 23. Bxc5+ Ke8 24. Bd3 a6 25. c3 Bb5 26. Bc2 1-0

[Event "Senica op 6th"]
[Site "Senica"]
[Date "2015.08.29"]
[Round "3"]
[White "Kurus, Artem"]
[Black "Jakab, Robert"]
[Result "1/2-1/2"]
[WhiteElo "1000"]
[BlackElo "1882"]
[PlyCount "79"]
[EventDate "2015.08.27"]
[EventType "swiss"]
[EventRounds "7"]
[EventCountry "SVK"]
[SourceTitle "EXT 2016"]
[Source "ChessBase"]
[SourceDate "2015.10.08"]
[SourceVersion "1"]
[SourceVersionDate "2015.10.08"]
[SourceQuality "1"]

1. d4 d5 2. c4 e6 3. Nc3 Nf6 4. Bf4 a6 5. e3 dxc4 6. Bxc4 b5 7. Bd3 Bb7 8. Nf3 c5 9. 0-0 Nbd7 10. Rc1 Be7 11. Nd2 cxd4 12. exd4 0-0 13. Nde4 Nxe4 14. Bxe4 Bxe4 15. Nxe4 Nf6 16. Ng3 Qd5 17. a3 Rfd8 18. Ne2 Rac8 19. Rxc8 Rxc8 20. Qd3 Qc4 21. Qxc4 Rxc4 22. Rc1 Rxc1+ 23. Bxc1 Nd5 24. Nc3 Nb6 25. Kf1 Bf6 26. Ne2 Kf8 27. Ke1 Ke7 28. Kd1 Kd6 29. Kc2 Nd5 30. Kd3 Ne7 31. Nc3 Nc6 32. Ne4+ Kd5 33. Nxf6+ gxf6 34. Be3 h5 35. h4 Ne7 36. g3 Nf5 37. b4 Nd6 38. Bc1 Ne4 39. Be3 f5 40. Ke2 1/2-1/2

[Event "Senica op 6th"]
[Site "Senica"]
[Date "2015.08.28"]
[Round "2"]
[White "Jakab, Robert"]
[Black "Halak, Miklos"]
[Result "0-1"]
[WhiteElo "1882"]
[BlackElo "2225"]
[PlyCount "44"]
[EventDate "2015.08.27"]
[EventType "swiss"]
[EventRounds "7"]
[EventCountry "SVK"]
[SourceTitle "EXT 2016"]
[Source "ChessBase"]
[SourceDate "2015.10.08"]
[SourceVersion "1"]
[SourceVersionDate "2015.10.08"]
[SourceQuality "1"]

1. e4 e5 2. Nf3 Nc6 3. d4 exd4 4. Nxd4 Bc5 5. Be3 Qf6 6. c3 d6 7. Be2 Nge7 8. 0-0 0-0 9. Nxc6 Nxc6 10. Bxc5 dxc5 11. Nd2 Be6 12. Qc2 Qf4 13. Rad1 Ne5 14. Nf3 Ng6 15. Nd2 Qh6 16. Bc4 Bg4 17. f3 Bc8 18. Rfe1 Rb8 19. Qd3 Nf4 20. Qe3 Qg5 21. g3 Nh3+ 22. Kh1 Qxe3 0-1

[Event "SVK-chT2C 1314"]
[Site "Slovakia"]
[Date "2013.10.20"]
[Round "2.6"]
[White "Uhrincat, Ivan"]
[Black "Jakab, Robert"]
[Result "1-0"]
[WhiteElo "2028"]
[BlackElo "1859"]
[PlyCount "73"]
[EventDate "2013.10.19"]
[EventType "team-tourn"]
[EventRounds "11"]
[EventCountry "SVK"]
[SourceTitle "EXT 2015"]
[Source "ChessBase"]
[SourceDate "2014.11.20"]
[SourceVersion "1"]
[SourceVersionDate "2014.11.20"]
[SourceQuality "1"]
[WhiteTeam "Banska Bystrica Kurta"]
[BlackTeam "Cebovce"]
[WhiteTeamCountry "SVK"]
[BlackTeamCountry "SVK"]

1. d4 d5 2. c4 dxc4 3. Nf3 Nf6 4. Nc3 e6 5. e4 a6 6. Bxc4 b5 7. Bd3 Bb7 8. e5 Nd5 9. 0-0 c5 10. Bg5 Qd7 11. Ne4 cxd4 12. Nxd4 Nc6 13. Nxc6 Bxc6 14. Rc1 Rc8 15. Qe2 h6 16. Bd2 Be7 17. Rfd1 0-0 18. Qh5 f5 19. exf6 Nxf6 20. Nxf6+ Bxf6 21. Qg6 Bd4 22. Qh7+ Kf7 23. Bb4 Qd5 24. Qg6+ Kg8 25. Qh7+ Kf7 26. Rxc6 Qxc6 27. Qg6+ Kg8 28. Qh7+ Kf7 29. h4 Rh8 30. Qg6+ Kg8 31. Be4 Qd7 32. Rxd4 Qf7 33. Qg4 h5 34. Qg5 Qf6 35. Qd2 g6 36. Rd7 Rh7 37. Rxh7 1-0